| 000 | 00820nam a22002417a 4500 | ||
|---|---|---|---|
| 999 |
_c2541 _d2541 |
||
| 003 | AR-CdUCM | ||
| 008 | 190304b ||||| |||| 00| 0 spa d | ||
| 040 |
_aMUNICIPALIDAD PROVINCIAL DEL CUSCO _cBIBLIOTECA MUNICIPAL DEL CUSCO |
||
| 041 | _hit. | ||
| 082 |
_a340.7 / _bC29 |
||
| 100 |
_aCarnelutti, Francesco _95136 |
||
| 245 | _aLas miserias del proceso penal / | ||
| 260 |
_aBuenos Aires : _bEdic. Juridicas Europa-America, _c1959. |
||
| 300 |
_a156 páginas ; _c15 cm. |
||
| 440 |
_aBreviarios de derecho ; _99001 |
||
| 505 | _aContenido : La toga --El preso --El abogado --El juez y las partes --Parcialidad del defensor ... | ||
| 650 |
_aDerecho penal _95831 |
||
| 650 |
_aProceso _97469 |
||
| 650 |
_aLegislación _92962 |
||
| 700 |
_aSantiago Sentís Melendo _99002 |
||
| 942 |
_2ddc _cLIBROS |
||
| 945 | _arjall | ||